000 00344nam a2200133Ia 4500
005 20251222143316.0
008 251222s9999||||xx |||||||||||||| ||spa||
020 _a84-8388-007-5
082 _a320.985/A72
100 _aArias Quincot, Cásar
245 0 _aLa Modernización Autoritaria:
264 _bFundación Friedrich Ebert
942 _cLIB
999 _c15920
_d15920